Top memes of 2025 - Statistics

General Stats
  • This quiz has been taken 293 times
  • The average score is 5 of 15
Answer Stats
Hint Answer % Correct
A friggin ______ yo Packet
72%
Raise your __ __ __ Ya Ya YA
72%
I bought a property in _____ Egypt
68%
Chopped ____ Chin
65%
Like brooooo, can we talk about the _________ and economic state of the world Political
65%
what's a ________ father
49%
Bumping Fetty wap on my ___ speakers JBL
48%
wouldn't you like to know ________ _______ weather boy
46%
nahhh nahhh nahhh Shakoi ______ O'Neal
15%
I was _____ Sleepy
14%
Jonnie ______ Walker
13%
who sings the song that starts as "Pop Out at 1 in The Morning" AI bear
8%
Jacksonville Jaguars Duvall
8%
who is the most famous mouse from the mice band Marvin cheese
3%
who stole the most famous mouses wife Parmesan Paul
2%
No matching quizzes found
Score Distribution
Percent of People with Each Score
Percentile by Number Answered
Your Score History
You have not taken this quiz